| 000 | 14338cam a22021857a 4500 | ||
|---|---|---|---|
| 003 | CHAP | ||
| 005 | 20220817043119.0 | ||
| 008 | 971010d1987 mx ab r o00010 spa d | ||
| 010 | _a66092 | ||
| 011 | _a67064 | ||
| 035 | _a76240 | ||
| 040 | _cCHAP | ||
| 082 | 0 | 4 |
_a330.972 _bE56 |
| 245 | 0 | 0 | _aEnciclopedia de los municipios de México |
| 260 |
_aMéxico, D.F. : _bSecretaría de Gobernación, _c1987-88 |
||
| 300 |
_a31 v. : _bilus. |
||
| 490 | 0 | _aCol. Enciclopedia de los municipios de México | |
| 500 | _aLa c.3 del Estado de México solicitarla en el area de consulta con el Lic. Javier Páez | ||
| 590 |
_aBATCH-UPD _b10 _c20130109 _lUCH01 _h2307 |
||
| 590 |
_aBATCH-UPD _b10 _c20130109 _lUCH01 _h2339 |
||
| 590 |
_aBATCH-UPD _b10 _c20130110 _lUCH01 _h0239 |
||
| 590 |
_aBATCH-UPD _b10 _c20130110 _lUCH01 _h1203 |
||
| 590 |
_aBATCH-UPD _b10 _c20130409 _lUCH01 _h1824 |
||
| 590 |
_aBATCH-UPD _b10 _c20130409 _lUCH01 _h1907 |
||
| 590 |
_aBATCH-UPD _b10 _c20130410 _lUCH01 _h0745 |
||
| 590 |
_aBATCH-UPD _b10 _c20130914 _lUCH01 _h0523 |
||
| 590 |
_aBATCH-UPD _b10 _c20130914 _lUCH01 _h2102 |
||
| 590 |
_aBATCH-UPD _b10 _c20180802 _lUCH01 _h0851 |
||
| 590 |
_aCONVERSION _b10 _c20130109 _lUCH01 _h1336 |
||
| 650 | 0 | 4 |
_aAguascalientes _xCondiciones economicas. _92594 |
| 650 | 0 | 4 |
_aBaja California Sur _xCondiciones económicas. _99498 |
| 650 | 0 | 4 |
_aBaja California _xCondiciones económicas. _99483 |
| 650 | 0 | 4 |
_aCampeche _xCondiciones económicas. _917981 |
| 650 | 0 | 4 |
_aChihuahua _xCondiciones económicas. _922293 |
| 650 | 0 | 4 |
_aCoahuila _xCondiciones económicas. |
| 650 | 0 | 4 |
_aColima _xCondiciones económicas. _925159 |
| 650 | 0 | 4 |
_aDurango _xCondiciones económicas. |
| 650 | 0 | 4 |
_aGuanajuato _xCondiciones económicas. _950977 |
| 650 | 0 | 4 |
_aGuerrero _xCondiciones económicas. |
| 650 | 0 | 4 |
_aHidalgo _xCondiciones económicas _zHidalgo. _9175395 |
| 650 | 0 | 4 |
_aJalisco _xCondiciones económicas. _960958 |
| 650 | 0 | 4 |
_aMéxico (Edo.) _xCondiciones económicas. _976824 |
| 650 | 0 | 4 |
_aMéxico _xGeografía. _976748 |
| 650 | 0 | 4 |
_aMéxico _xMunicipios. _976781 |
| 650 | 0 | 4 |
_aMichoacán _xCondiciones económicas. _975446 |
| 650 | 0 | 4 |
_aMorelos _xCondiciones económicas. _978525 |
| 650 | 0 | 4 |
_aNayarit _xCondiciones económicas. _980622 |
| 650 | 0 | 4 |
_aNuevo León _xCondiciones económicas. _982155 |
| 650 | 0 | 4 |
_aOaxaca _xCondiciones económicas. _982476 |
| 650 | 0 | 4 |
_aPuebla _xCondiciones económicas. _992870 |
| 650 | 0 | 4 |
_aQuerétaro _xCondiciones económicas. _993193 |
| 650 | 0 | 4 |
_aQuintana Roo _xCondiciones económicas. _993372 |
| 650 | 0 | 4 |
_aSan Luis Potosí _xCondiciones económicas. _9101963 |
| 650 | 0 | 4 |
_aSinaloa _xCondiciones económicas. _9106531 |
| 650 | 0 | 4 |
_aSonora _xCondiciones económicas. _9108580 |
| 650 | 0 | 4 |
_aTabasco _xCondiciones económicas. _9111269 |
| 650 | 0 | 4 |
_aTamaulipas _xCondiciones económicas. _9111522 |
| 650 | 0 | 4 |
_aTlaxcala _xCondiciones económicas. _9113468 |
| 650 | 0 | 4 |
_aVeracruz _xCondiciones económicas. _9118807 |
| 650 | 0 | 4 |
_aYucatán _xCondiciones económicas. _9123315 |
| 650 | 0 | 4 |
_aZacatecas _xCondiciones económicas. _9123402 |
| 651 | 1 | 4 |
_aChiapas _xCondiciones económicas. _922225 |
| 830 | 0 |
_aCol. Enciclopedia de los municipios de México _924547 |
|
| 901 | _aBK | ||
| 942 | _cLIBRO | ||
| 949 |
_a330.972 E56 _bBC _cC _d-147085 _eC _fAgs. _gI. 144474 _h75117 _i76240 _si _t1000.00 |
||
| 949 |
_a330.972 E56 _bBC _cC _d-147087 _eC _fB.C. _gI. 144474 _h75118 _i76240 _si _t1000.00 |
||
| 949 |
_a330.972 E56 _bBC _cC _d-147088 _eC _fB.C.S. _gI. 144474 _h75119 _i76240 _si _t1000.00 |
||
| 949 |
_a330.972 E56 _bBC _cC _d-147089 _eC _fCamp. _gI. 144474 _h75120 _i76240 _sb _t1000.00 |
||
| 949 |
_a330.972 E56 _bBC _cC _d-147090 _eC _fCoah. _gI.144474 _h75121 _i76240 _sb _t1000.00 |
||
| 949 |
_a330.972 E56 _bBC _cC _d-147091 _eC _fCol. _gI. 144474 _h75122 _i76240 _sb _t1000.00 |
||
| 949 |
_a330.972 E56 _bBC _cC _d-147092 _eC _fChis. _gI. 144474 _h75122 _i76240 _sb _t1000.00 |
||
| 949 |
_a330.972 E56 _bBC _cC _d-147093 _eC _fChih. _gI.144474 _h75123 _i76240 _sb _t1000.00 |
||
| 949 |
_a330.972 E56 _bBC _cC _d-147095 _eC _fM�x. (Edo.) _gI. 144474 _h75125 _i76240 _si _t1000.00 |
||
| 949 |
_a330.972 E56 _bBC _cC _d-147096 _eC _fGto. _gI. 144474 _h75126 _i76240 _sb _t1000.00 |
||
| 949 |
_a330.972 E56 _bBC _cC _d-147097 _eC _fGro. _gI. 144474 _h75127 _i76240 _sb _t1000.00 |
||
| 949 |
_a330.972 E56 _bBC _cC _d-147098 _eC _fHgo. _gI. 144474 _h75129 _i76240 _sb _t1000.00 |
||
| 949 |
_a330.972 E56 _bBC _cC _d-147099 _eC _fJal. _gI. 144474 _h75129 _i76240 _sb _t1000.00 |
||
| 949 |
_a330.972 E56 _bBC _cC _d-147101 _eC _fMor. _h75131 _i76240 _sb _t1000.00 |
||
| 949 |
_a330.972 E56 _bBC _cC _d-147102 _eC _fNay. _gI. 144474 _h75132 _i76240 _sb _t1000.00 |
||
| 949 |
_a330.972 E56 _bBC _cC _d-147103 _eC _fN.L. _gI. 144474 _h75133 _i76240 _sb _t1000.00 |
||
| 949 |
_a330.972 E56 _bBC _cC _d-147104 _eC _fOax. _gI. 144474 _h75133 _i76240 _sb _t1000.00 |
||
| 949 |
_a330.972 E56 _bBC _cC _d-147106 _eC _fQro. _gI. 144474 _h75135 _i76240 _sb _t1000.00 |
||
| 949 |
_a330.972 E56 _bBC _cC _d-147108 _eC _fSin. _gI. 144474 _h75137 _i76240 _sb _t1000.00 |
||
| 949 |
_a330.972 E56 _bBC _cC _d-147110 _eC _fTab. _gI. 144474 _h75139 _i76240 _sb _t1000.00 |
||
| 949 |
_a330.972 E56 _bBC _cC _d-147114 _eC _fYuc. _gI. 144474 _h75143 _i76240 _sb _t1000.00 |
||
| 949 |
_a330.972 E56 _bBC _cC _d-147116 _eC _fQ.R. _gI. 144474 _h75145 _i76240 _sb _t1000.00 |
||
| 949 |
_a330.972 E56 _bBC _cC _d000000026464854 _eC _fTamps. _gI. 144474 _h75140 _i76240 _sb _t1000.00 |
||
| 949 |
_a330.972 E56 _bBC _cC _d33724000581294 _eC _fMich. _gI. 144474 _h75130 _i76240 _sb _t1000.00 |
||
| 949 |
_a330.972 E56 _bBC _cC _d33724000582300 _eC _fPue. _h75134 _i76240 _sb |
||
| 949 |
_a330.972 E56 _bBC _cC _d33724000920617 _eC _fVer. _h75142 rep _i76240 _sb |
||
| 949 |
_a330.972 E56 _bBC _cC _d33724002201446 _eC _fS.L.P. _gI. 144474 _h75136 _i76240 _sb _t1000.00 |
||
| 949 |
_a330.972 E56 _bBC _cC _d33724002201488 _eC _fTlax. _gI. 144474 _h75141 _i76240 _sb _t1000.00 |
||
| 949 |
_a330.972 E56 _bBC _cC _d33724002201520 _eC _fZac. _gI. 144474 _h75144 _i76240 _sb _t1000.00 |
||
| 949 |
_a330.972 E56 _bBC _cC _d33724002201561 _eC _fSon. _gI. 144474 _h75138 _i76240 _sb _t1000.00 |
||
| 949 |
_a330.972 E56 _bBC _cC _d33724002201603 _eC _fTamps. c.2 _h75636 _i76240 _si _t1000.00 |
||
| 949 |
_a330.972 E56 _bBC _cESP _d-147132 _eESP _fAgs. c.2 _gI. 144474 _h75611 _i76240 _si _t1000.00 |
||
| 949 |
_a330.972 E56 _bBC _cESP _d-147133 _eESP _fB.C. c.2 _gI. 144474 _h75612 _i76240 _si _t1000.00 |
||
| 949 |
_a330.972 E56 _bBC _cESP _d-147134 _eESP _fB.C.S. c.2 _h75613 _i76240 _si _t1000.00 |
||
| 949 |
_a330.972 E56 _bBC _cESP _d-147136 _eESP _fCoah. c.2 _h75615 _i76240 _si _t1000.00 |
||
| 949 |
_a330.972 E56 _bBC _cESP _d-147137 _eESP _fCol. c.2 _h75616 _i76240 _si _t1000.00 |
||
| 949 |
_a330.972 E56 _bBC _cESP _d-147138 _eESP _fChis. c.2 _h75617 _i76240 _si _t1000.00 |
||
| 949 |
_a330.972 E56 _bBC _cESP _d-147139 _eESP _fChih. c.2 _h75618 _i76240 _si _t1000.00 |
||
| 949 |
_a330.972 E56 _bBC _cESP _d-147140 _eESP _fDgo. c.2 _h75619 _i76240 _si _t1000.00 |
||
| 949 |
_a330.972 E56 _bBC _cESP _d-147141 _eESP _fM�x. (Edo.) c.2 _h75620 _i76240 _si _t1000.00 |
||
| 949 |
_a330.972 E56 _bBC _cESP _d-147142 _eESP _fGto. c.2 _h75621 _i76240 _si _t1000.00 |
||
| 949 |
_a330.972 E56 _bBC _cESP _d-147143 _eESP _fGro. c.2 _h75622 _i76240 _si _t1000.00 |
||
| 949 |
_a330.972 E56 _bBC _cESP _d-147144 _eESP _fHgo. c.2 _h75623 _i76240 _si _t1000.00 |
||
| 949 |
_a330.972 E56 _bBC _cESP _d-147145 _eESP _fJal. c.2 _h75624 _i76240 _si _t1000.00 |
||
| 949 |
_a330.972 E56 _bBC _cESP _d-147146 _eESP _fMich. c.2 _h75625 _i76240 _si _t1000.00 |
||
| 949 |
_a330.972 E56 _bBC _cESP _d-147147 _eESP _fMor. c.2 _h75626 _i76240 _si _t1000.00 |
||
| 949 |
_a330.972 E56 _bBC _cESP _d-147148 _eESP _fNay. c.2 _h75627 _i76240 _si _t1000.00 |
||
| 949 |
_a330.972 E56 _bBC _cESP _d-147149 _eESP _fN.L. c.2 _h75628 _i76240 _si _t1000.00 |
||
| 949 |
_a330.972 E56 _bBC _cESP _d-147152 _eESP _fQro. c.2 _h75631 _i76240 _si _t1000.00 |
||
| 949 |
_a330.972 E56 _bBC _cESP _d-147153 _eESP _fS.L.P. c.2 _h75632 _i76240 _si _t1000.00 |
||
| 949 |
_a330.972 E56 _bBC _cESP _d-147154 _eESP _fSin. c.2 _h75633 _i76240 _si _t1000.00 |
||
| 949 |
_a330.972 E56 _bBC _cESP _d-147155 _eESP _fSon. c.2 _h75634 _i76240 _si _t1000.00 |
||
| 949 |
_a330.972 E56 _bBC _cESP _d-147156 _eESP _fTab. c.2 _h75635 _i76240 _si _t1000.00 |
||
| 949 |
_a330.972 E56 _bBC _cESP _d-147158 _eESP _fTlax. c.2 _h75637 _i76240 _si _t1000.00 |
||
| 949 |
_a330.972 E56 _bBC _cESP _d-147159 _eESP _fVer. c.2 _h75638 _i76240 _si _t1000.00 |
||
| 949 |
_a330.972 E56 _bBC _cESP _d-147160 _eESP _fYuc. c.2 _h75639 _i76240 _si _t1000.00 |
||
| 949 |
_a330.972 E56 _bBC _cESP _d-147161 _eESP _fZac. c.2 _h75640 _i76240 _si _t1000.00 |
||
| 949 |
_a330.972 E56 _bBC _cESP _d-147162 _eESP _fQ.R. c.2 _h75640 _i76240 _si _t1000.00 |
||
| 949 |
_a330.972 E56 _bBC _cESP _d33724000710133 _eESP _fPue. c.3 _h75630 _i76240 _kDonaciØn _sb |
||
| 949 |
_a330.972 E56 _bBC _cESP _d33724000710141 _eESP _fOax. c.3 _h75629 _i76240 _kDonaciØn _sb |
||
| 949 |
_a330.972 E56 _bBC _cESP _d33724000710158 _eESP _fDgo. c.3 _h75125 _i76240 _kDonaciØn _sb |
||
| 949 |
_a330.972 E56 _bBC _cESP _d33724000710166 _eESP _fCamp. c.3 _h94600 _i76240 _kDonaciØn _sb |
||
| 949 |
_a330.972 E56 _bBC _cESP _d33724000710174 _eESP _fAgs. c.3 _h94621 _i76240 _kDonaciØn _sb |
||
| 949 |
_a330.972 E56 _bBC _cESP _d33724000710182 _eESP _fB.C. c.3 _h94622 _i76240 _kDonaciØn _sb |
||
| 949 |
_a330.972 E56 _bBC _cESP _d33724000710190 _eESP _fB.C.S. c.3 _h92818 _i76240 _kDonaciØn _sb |
||
| 949 |
_a330.972 E56 _bBC _cESP _d33724000710208 _eESP _fHgo. c.3 _h94623 _i76240 _kDonaciØn _sb |
||
| 949 |
_a330.972 E56 _bBC _cESP _d33724000710216 _eESP _fGro. c.3 _h94624 _i76240 _kDonaciØn _sb |
||
| 949 |
_a330.972 E56 _bBC _cESP _d33724000710224 _eESP _fCoah. c.3 _h94625 _i76240 _kDonaciØn _st |
||
| 949 |
_a330.972 E56 _bBC _cESP _d33724000710232 _eESP _fChis. c.3 _h94626 _i76240 _kDonaciØn _sb |
||
| 949 |
_a330.972 E56 _bBC _cESP _d33724000710240 _eESP _fChih. c.3 _h94627 _i76240 _kDonaciØn _st |
||
| 949 |
_a330.972 E56 _bBC _cESP _d33724000715298 _eESP _fMich. c.3 _h94630 _i76240 _kDonaciØn _sb |
||
| 949 |
_a330.972 E56 _bBC _cESP _d33724000715314 _eESP _fCol. c.3 _h94628 _i76240 _kDonaciØn _sb |
||
| 949 |
_a330.972 E56 _bBC _cESP _d33724000715413 _eESP _fMor. c.3 _h94631 _i76240 _kDonaciØn _sb |
||
| 949 |
_a330.972 E56 _bBC _cESP _d33724000715421 _eESP _fNay. c.3 _h94632 _i76240 _kDonaciØn _sb |
||
| 949 |
_a330.972 E56 _bBC _cESP _d33724000715439 _eESP _fN.L. c.3 _h94633 _i76240 _kDonaciØn _sb |
||
| 949 |
_a330.972 E56 _bBC _cESP _d33724000715447 _eESP _fQro. c.3 _h94634 _i76240 _kDonaciØn _sb |
||
| 949 |
_a330.972 E56 _bBC _cESP _d33724000715454 _eESP _fQ.R. c.3 _h94635 _i76240 _kDonaciØn _sb |
||
| 949 |
_a330.972 E56 _bBC _cESP _d33724000715462 _eESP _fS.L.P. c.3 _h94636 _i76240 _kDonaciØn _sb |
||
| 949 |
_a330.972 E56 _bBC _cESP _d33724000715470 _eESP _fSin. c.3 _h94637 _i76240 _kDonaciØn _sb |
||
| 949 |
_a330.972 E56 _bBC _cESP _d33724000715488 _eESP _fSon. c.3 _h94638 _i76240 _kDonaciØn _sb |
||
| 949 |
_a330.972 E56 _bBC _cESP _d33724000715496 _eESP _fTamps. c.3 _h94639 _i76240 _kDonaciØn _sb |
||
| 949 |
_a330.972 E56 _bBC _cESP _d33724000715504 _eESP _fTlax. c.3 _h94640 _i76240 _kDonaciØn _sb |
||
| 949 |
_a330.972 E56 _bBC _cESP _d33724000715512 _eESP _fYuc. c.3 _h94641 _i76240 _kDonaciØn _sb |
||
| 949 |
_a330.972 E56 _bBC _cESP _d33724000715520 _eESP _fZac. c.3 _h94642 _i76240 _kDonaciØn _sb |
||
| 949 |
_a330.972 E56 _bBC _cESP _d33724000715538 _eESP _fVer. c.3 _h94643 _i76240 _kDonaciØn _sb |
||
| 949 |
_a330.972 E56 _bBC _cESP _d33724000746947 _eESP _fCamp. c.2 _h75614 _i76240 _sb _t1000.00 |
||
| 949 |
_a330.972 E56 _bBC _cESP _d33724000826657 _eESP _fM�x. (Edo.) c.3 _h94629 _i76240 _kDonaciØn _sb |
||
| 949 |
_a330.972 E56 _bBC _cESP _d33724000840492 _eESP _fChih. c.4 _gDonaciØn _h100787 _i76240 _sb |
||
| 949 |
_a330.972 E56 _bBC _cESP _d33724000841078 _eESP _fDgo. c.4 _gDonaciØn _h100785 _i76240 _sb |
||
| 949 |
_a330.972 E56 _bBC _cESP _d33724000841136 _eESP _fChis. c.4 _gDonaciØn _h100788 _i76240 _sb |
||
| 949 |
_a330.972 E56 _bBC _cESP _d33724000841193 _eESP _fCoah. c.4 _gDonaciØn _h100786 _i76240 _sb |
||
| 949 |
_a330.972 E56 _bBC _cESP _d33724000841326 _eESP _fZac. c.4 _gDonaciØn _h100769 _i76240 _sb |
||
| 949 |
_a330.972 E56 _bBC _cESP _d33724000841383 _eESP _fYuc. c.4 _gDonaciØn _h100770 _i76240 _sb |
||
| 949 |
_a330.972 E56 _bBC _cESP _d33724000841441 _eESP _fTlax. c.4 _gDonaciØn _h100771 _i76240 _sb |
||
| 949 |
_a330.972 E56 _bBC _cESP _d33724000841508 _eESP _fJal. c.4 _gDonaciØn _h100780 _i76240 _sb |
||
| 949 |
_a330.972 E56 _bBC _cESP _d33724000841565 _eESP _fMich. c.4 _gDonaciØn _h100779 _i76240 _sb |
||
| 949 |
_a330.972 E56 _bBC _cESP _d33724000841573 _eESP _fHgo. c.4 _h100781 _i76240 _sb |
||
| 949 |
_a330.972 E56 _bBC _cESP _d33724000841581 _eESP _fGto. c.4 _gDonaciØn _h100783 _i76240 _sb |
||
| 949 |
_a330.972 E56 _bBC _cESP _d33724000841623 _eESP _fQro. c.4 _gDonaciØn _h100775 _i76240 _st |
||
| 949 |
_a330.972 E56 _bBC _cESP _d33724000841631 _eESP _fN.L. c.4 _gDonaciØn _h100778 _i76240 _sb |
||
| 949 |
_a330.972 E56 _bBC _cESP _d33724000841649 _eESP _fGro. c.4 _gDonaciØn _h100782 _i76240 _sb |
||
| 949 |
_a330.972 E56 _bBC _cESP _d33724000841680 _eESP _fPue. c.4 _gDonaciØn _h100776 _i76240 _st |
||
| 949 |
_a330.972 E56 _bBC _cESP _d33724000841698 _eESP _fOax. c.4 _gDonaciØn _h100777 _i76240 _sb |
||
| 949 |
_a330.972 E56 _bBC _cESP _d33724000841706 _eESP _fTamps. c.4 _gDonaciØn _h100772 _i76240 _sb |
||
| 949 |
_a330.972 E56 _bBC _cESP _d33724000841748 _eESP _fM�x. (Edo.) c.4 _gDonaciØn _h100784 _i76240 _sb |
||
| 949 |
_a330.972 E56 _bBC _cESP _d33724000841755 _eESP _fS.L.P. c.4 _gDonaciØn _h100774 _i76240 _sb |
||
| 949 |
_a330.972 E56 _bBC _cESP _d33724000841763 _eESP _fSon. c.4 _gDonaciØn _h100773 _i76240 _sb |
||
| 949 |
_a330.972 E56 _bBC _cESP _d33724000847570 _eESP _fTab. c.3 _gDonaciØn _h101582 _i76240 _sb |
||
| 949 |
_a330.972 E56 _bBC _cESP _d33724000847588 _eESP _fSin. c.4 _gDonaciØn _h101581 _i76240 _sb |
||
| 949 |
_a330.972 E56 _bBC _cESP _d33724000847596 _eESP _fB.C. c.4 _gDonaciØn _h101574 _i76240 _sb |
||
| 949 |
_a330.972 E56 _bBC _cESP _d33724000847604 _eESP _fCamp. c.4 _gDonaciØn _h101576 _i76240 _sb |
||
| 949 |
_a330.972 E56 _bBC _cESP _d33724000847612 _eESP _fCol. c.4 _gDonaciØn _h101577 _i76240 _sb |
||
| 949 |
_a330.972 E56 _bBC _cESP _d33724000847620 _eESP _fMor. c.4 _gDonaciØn _h101578 _i76240 _sb |
||
| 949 |
_a330.972 E56 _bBC _cESP _d33724000847638 _eESP _fNay. c.4 _gDonaciØn _h101579 _i76240 _sb |
||
| 949 |
_a330.972 E56 _bBC _cESP _d33724000847646 _eESP _fQ.R. c.4 _gDonaciØn _h101580 _i76240 _sb |
||
| 949 |
_a330.972 E56 _bBC _cESP _d33724000847653 _eESP _fAgs. c.4 _gDonaciØn _h101573 _i76240 _sb |
||
| 949 |
_a330.972 E56 _bBC _cESP _d33724000847661 _eESP _fB.C. S.c.4 _gDonaciØn _h101575 _i76240 _sb |
||
| 949 |
_a330.972 E56 _bBC _cESP _d33724002030157 _eESP _fNay. c.5 _gDonaciØn _h46736 _i76240 _sb |
||
| 949 |
_a330.972 E56 _bBC _cESP _d33724002234132 _eESP _fPue. c.2 _gDonaciØn _h75630 _i76240 _sb |
||
| 999 |
_c66092 _d66092 |
||